| 000 | 00778nam a2200193Ia 4500 | ||
|---|---|---|---|
| 001 | 11721 | ||
| 003 | GE_BSU | ||
| 008 | 181216s||||||||xx |||||||||||||| ||und|| | ||
| 040 | _cGE_BSU | ||
| 100 | _aდანინი,დ. | ||
| 245 | _aუცნაური სამყაროს გარდუვალობა | ||
| 245 | _cრედ:ზ.ახვლედიანი; მხატვ.რედ:შ.დოლიძე; თარგმ:ზ.ურუშაძემ, გ.ურუშაძემ, ვ.ხიდურელმა. | ||
| 260 | _aთბილისი | ||
| 260 | _bნაკადული | ||
| 260 | _c1969 | ||
| 300 | _a453გვ;22სმ. | ||
| 653 | _aუცნაური სამყაროს გარდუვალობა | ||
| 942 | _cBK | ||
| 999 |
_c44902 _d44902 |
||